Станція сподівань (Запис № 18593)

000 -Маркер запису
Контрольне поле сталої довжини 01762nam a22002657a 4500
003 - Належність контрольного номера
Контрольне поле Uzh_bibl
008 - Кодовані дані
Контрольне поле сталої довжини 260629b |||||||| |||| 00| 0 ukr d
020 ## - Індекс ISBN
Ціна 0.90
040 ## - Джерело каталогіз.
Служба первин.кат. укр.
041 ## - Код мови видання
Код мови оригіналу українська
Код мови тексту українська
080 ## - Індекс УДК
Індекс УДК 821(477)
090 ## - Шифри
Поличний індекс 821(477)
Авторський знак Г 85
100 ## - Автор
Автор Грищук, Броніслав
245 ## - Назва
Назва Станція сподівань
Фізичний носій Текст
260 ## - Вихідні дані
Видавництво Радянський письменник
Місце видання Київ
Дата видання 1984
300 ## - Фізичний опис
Обсяг 255 с.
Тип одиниці В опр.
490 ## - Серія
Назва серії Серія "Бібліотека "Сучасний роман"
520 ## - Анотація
Анотація Друге народження людини, творчої особистості в праці головна тема гостросучасного, написаного в лірико-психологічній манері роману українського радянського прозаїка. В трудовому колективі робітників цукрового заводу художник Петро Найда знаходить і вірних друзів-товаришів, і справжнє кохання, і нову мистецьку снагу. Боротьба за чистоту природи, внутрішнього світу людини, наших високих суспільних ідеалів - такі горизонти твору.
521 ## - Примітка про цільове призначення
Примітка про цільове призначення Для широкого кола читачів
546 ## - Примітка про мову
Примітка про мову укр.
650 ## - Тематичні рубрики
Основна рубрика Літературно-художнє видання
Хронологічна підрубрика 1980-ті роки
Географічна підрубрика Україна
653 ## - Ключові слова
Ключові слова Праця
-- Художник
-- Кохання
-- Природа
-- Дружба
655 ## - Термін індексування — жанр/форма
Жанр/форма Соціально-психологічний роман
Типове ділення Роман
942 ## - ADDED ENTRY ELEMENTS (KOHA)
Джерело класифікації чи схема поличного розташування
Koha item type Книги
Фонди
Статус вилучення Статус втрати/відсутності Джерело класифікації чи схема поличного розташування Статус пошкодження Тип обігу (не для випозичання) Постійне розташування Поточне розташування Розташування у відділі Дата надходження Інвентарний номер Total Checkouts Повний (примірниковий) шифр зберігання Штрих-код Date last seen Дата, для якої чинна ціна заміни Тип одиниці (рівень примірника)
          Публічна бібліотека Публічна бібліотека Абонемент 29/06/2026 20033   821(477) 20634 29/06/2026 29/06/2026 Книги

Працює на АБІС Коха